| 000 | 00506nam a22001937a 4500 | ||
|---|---|---|---|
| 003 | LK-CoMWRAF | ||
| 005 | 20231122103015.0 | ||
| 008 | 231120b |||||||| |||| 00| 0 eng d | ||
| 020 | _a0140157522 | ||
| 040 |
_aLK-CoMWRAF _dLK-CoMWRAF _eLK-CoMWRAF |
||
| 041 | _aeng | ||
| 082 |
_a823 _bMAR |
||
| 100 | _aMarquez, Gabriel Garcia | ||
| 245 | _aInnocent erendira and other stories | ||
| 260 |
_aNew York : _bHarper & row, _c1978 |
||
| 300 | _a183 p. ; 22 cm. | ||
| 650 | _aEnglish Fiction | ||
| 942 | _cBK | ||
| 999 |
_c4180 _d4180 |
||